Responses for show #4317 - Tuesday, May 13, 2003

2003 Tournament of Champions semifinal game 2.

Contestants

Jill Bunzendahl Chimka, a speech and language pathologist from Washington, D.C.

Mark Dawson, a business manager from Chamblee, Georgia

Alan Bailey, a playwright and director from Sherman Oaks, California

Jeopardy! Round responses

A TOUR OF THE REAGAN LIBRARY
NOT SO SIMPLE SIMON
(Alex: We want you to name the Neil Simon work from which the quote comes.)
MAY DAYS
FASHION DESIGNERS
AMUSEMENT & THEME PARKS
"E" TICKET
    $200 1
Mikhail Gorbachev

Jill
    $200 3
The Out-of-Towners

Mark
    $200 13
Nixon

Mark
    $200 11
Calvin Klein

Jill
    $200 16
(Mark: What is a Ferris wheel?)

a roller coaster

MarkJill
    $200 2
enamel

Mark
    $400 24
air traffic controllers

Mark
    $400 4
Plaza Suite

Alan
    $400 14
714

Mark
    $400 6
(Jill: Who is Versace?)

(Giorgio) Armani

AlanJill
    $400 17
a panda

Mark
    $400 5
an enemy

Mark
    $600 30
Desert Storm

Mark
    $600 7
Barefoot in the Park

Alan
    $600 25
Promontory Point, Utah

Mark
    $600 20
(Mark: Who is Wang?)

Stella McCartney

MarkJill
    $600 18
Drunken Teacups

Mark
    $600 10
an eavesdropper

Mark
    $800 29
Dixon

Triple Stumper
    $800 8
The Odd Couple

Alan
    $800 26
"What hath God wrought?"

Mark
    $800 21
Isaac Mizrahi

Jill
    $800 19
Circus Circus

Alan
    $500 12
(Jill: Who is Euripides?)

an epicurean (epicure)

Jill
    $1000 28
George Gipp

Mark
    $1000 9
Brighton Beach Memoirs

Alan
    $1000 27
Johnstown

Mark
    $1000 22
BCBG

Jill
    $1000 23
(Alan: What is Copenhagen?)

Denmark

AlanMark
    $1000 15
Epiphany

Jill

Scores at the first commercial break (after clue 14):

Alan Mark Jill
$3,200 $2,000 -$500

Scores at the end of the Jeopardy! Round:

Alan Mark Jill
$3,000 $7,600 $3,100

Double Jeopardy! Round responses

AMERICAN WOMEN
A "LITTLE" MUSIC
BIG BUSINESS
SASKATCHE- WANDERING
PULITZER PRIZE NOVELS IN OTHER WORDS
GREEK ALPHABET SOUP
    $400 2
Jane Addams

Mark
    $400 8
(Mark: "Little Honda"? What is "Little Honda"?)

"Little Deuce Coupe"

MarkJill
    $400 3
General Mills

Alan
    $400 21
the Royal Canadian Mounted Police

Mark
    $400 1
Executioner's Song

Mark
    $400 11
beta

Alan
    $800 4
Katherine Harris

Alan
    $800 9
"Poor Little Fool"

Mark
    $800 10
American Airlines

Jill
    $800 22
a lion

Jill
    $800 17
Lonesome Dove

Jill
    $800 13
iota

Mark
    $1200 5
Evangeline Booth

Triple Stumper
    $1200 12
"say a little prayer for you"

Mark
    $1200 18
Archer Daniels Midland

Mark
    $1200 23
a Prairie Province

Mark
    $1200 28
(Mark: What is "Confessions of Nat Tyler"?)

The Confessions of Nat Turner

AlanMark
    $1200 14
gamma globulin

Mark
    $1600 6
Dorothea Dix

Alan
    $1600 26
"God didn't make little green apples"

Mark
    $1,500 19
Royal Dutch/Shell

Mark
    $1600 24
Montana (or North Dakota)

Mark
    $1600 29
Rabbit at Rest

Alan
    $2,000 15
(Mark: What is delta?)
(Alex: Oh, no. "L" for 50. [*]. [*]?

lambda

Mark
    $2000 7
(Jeana) Yeager

Alan
    $2000 27
Little Eva

Mark
    $2000 20
Gerald Levin

Triple Stumper
    $2000 25
Moose Jaw

Jill
    $2000 30
A Confederacy of Dunces

Alan
    $2000 16
(Mark: What is theta?)

tau

AlanMark

Scores at the end of the Double Jeopardy! Round:

Alan Mark Jill
$15,000 $16,300 $7,900

[wagering suggestions for these scores]

Final Jeopardy! Round responses

WORLD CITIES
JillWhat is Sao Paulo?
$0
AlanWhat is New York City?
$2,000
MarkWhat is [Ho Chi Min City crossed out] Sao Paolo?
$13,701
São Paulo, Brazil

Final scores:

Alan Mark Jill
$13,000 $30,001 $7,900
2nd place: $10,000 Finalist 3rd place: $10,000

Game dynamics:

Coryat scores:

Alan Mark Jill
$15,000 $18,400 $8,400
15 R,
1 W
28 R
(including 1 DD),
6 W
(including 1 DD)
12 R,
2 W
(including 1 DD)

Combined Coryat: $41,800

The J! Archive is created by fans, for fans. The Jeopardy! game show and all elements thereof, including but not limited to copyright and trademark thereto, are the property of Jeopardy Productions, Inc. and are protected under law. This website is not affiliated with, sponsored by, or operated by Jeopardy Productions, Inc. Join the discussion at JBoard.tv.